Poison soup

Bibliographic Details
Main Author: Gill, Stephen
Format: Book
Published: Kuala Lumpur : Utusan Publications & Distrubutors Sdn.Bhd. , 1993
Series:Hornbill stories
Subjects:

MARC

LEADER 00000cam a2200000 7i4500
001 0000000619
002 000000710
005 20071224.0
020 |a 967610325X 
090 0 0 |a JF   |b GIL 
100 1 |a Gill, Stephen 
245 1 0 |a Poison soup   |c Stephen Gill 
260 |a Kuala Lumpur :   |b Utusan Publications & Distrubutors Sdn.Bhd. ,   |c 1993 
300 |a 124p. ;   |c 21cm. 
490 0 |a Hornbill stories 
650 0 0 |a Children's stories 
999 |a 030345   |b BUKU   |c YOUTH FICTION   |e PERPUSTAKAAN KOMUNITI PETALING JAYA